00222nam a2200085Ia 4500008004100000100001700041245004300058260002600101260000900127170620s9999 xx 000 0 und d aRaina- M. K. 0aIdentification & Development of Talent bNew Delhi- N.C.E.R.T. c1989